Špecifická profylaxia hepatitídy B

Bibliographic Details
Main Author: Pospíšil, Rastislav (Author)
Format: Article
Language:Slovak
PhysicalDescription:Res. rus., angl., lit. 14 zázn. v slov., češ., ruš., nem.
Subjects:

MARC

LEADER 00000nab a2200000 a 4500
001 vtls000320260
003 SK-MaSNL
005 20260303042919.0
008 220422c1984 xo 0 slo
015 |a SNBRA19rr/mm-uuuuu 
035 |a CL0320382 
040 |a SNKBUCL  |b slo  |c SNKBUCL  |e AACR2 
041 0 |a slo 
044 |a xo  |c SK 
080 |a 616.36-002  |2 1981 
100 1 |a Pospíšil, Rastislav  |4 aut  |9 297248 
245 1 0 |a Špecifická profylaxia hepatitídy B  |c Rastislav Pospíšil 
300 |b Res. rus., angl., lit. 14 zázn. v slov., češ., ruš., nem. 
650 0 7 |a hepatitída B  |2 snkbucl  |9 25731 
655 7 |a články zo zborníkov  |2 snkbucl  |9 166140 
773 0 |t Zborník Lekárskej fakulty UPJŠ Košice. Roč. 27/1984. Zv. 42  |d Bratislava : SPN, 1984  |g S. 463-470 
850 |a Slovenská národná knižnica v Martine  |a MTA001 
852 |a SNK  |b KIS3GCP 
958 |a NB 
958 |a RK 
958 |a ME 
992 |a RZB 
999 |c 1694530  |d 1696460